00789 a2200145 4500001000700000020001800007040003200025100001900057245002800076300000800104362000900112520047400121650003100595650001700626120160 a9781443109888 cEscola Canadense de Niteroi aRosenthal, Amy10aAujourd'hui, c'est oui! bil.0 a2011 aIl y une journée dans l’année, où les enfants peuvent absolument tout demander et la réponse est oui! Puis-je avoir de la pizza pour déjeuner? Oui! Puis-je veiller tard ce soir? Oui! C'est le jour du Oui!, le plus beau jour de l'année! Ce livre plein d'humour invitera les lecteurs à bien profiter des petits plaisirs de la vie. Il amènera parents et enfants à exprimer leurs souhaits les plus chers... et les plus fous! (Grade Level: Kindergarten-1) 4aLittérature Pour Enfants 4aAnniversaire